Произведения Владимира Сорокина - Statistics

General Stats
  • This quiz has been taken 10 times
  • The average score is 5 of 25
Answer Stats
год формат произведение % Correct
1999 роман Голубое сало
78%
2006 повесть День опричника
78%
1983 роман Норма
56%
2008 сборник рассказов Сахарный кремль
44%
1983 роман Очередь
22%
1984 сборник рассказов Первый субботник
22%
1991 роман Сердца четырёх
22%
2005 сборник романов Ледяная трилогия
22%
2010 повесть Метель
22%
2013 роман Теллурия
22%
2021 роман Доктор Гарин
22%
2023 роман Наследие
22%
1989 роман Роман
11%
2017 роман Манарага
11%
1984 роман Тридцатая любовь Марины
0%
1985 пьеса Землянка
0%
1988 пьеса Русская бабушка
0%
1989 пьеса Доверие
0%
1990 пьеса Дисморфомания
0%
1996 пьеса Щи
0%
1997 пьеса Пельмени
0%
1998 пьеса С Новым годом
0%
2000 сборник рассказов Пир
0%
1997 пьеса Dostoyevsky-Trip
0%
1994 пьеса Hochzeitsreise
0%
No matching quizzes found
Score Distribution
Percent of People with Each Score
Percentile by Number Answered
Your Score History
You have not taken this quiz